000 00851nas a2200289 4500
001 BR2015002444
003 BR-BrBNA
005 20231205125243.0
007 ta
008 230509b bl.|||p| |||| 00| 00por d
040 _aBR-BrBNA
_bpor
_cBiblioteca Nacional de Agricultura
041 _a(En)
072 _aL73
100 1 _aCorte, A.C.
100 1 _aGennari, S.M.
100 1 _aLabruna, M.B.
100 1 _aCamargo, L.M.A.
100 1 _aItano, E.N.
100 1 _aFreire, R.
245 1 _aParacoccidioides brasiliensis infection in dogs from western brazilian Amazon
650 _aCÃO
650 _aEPIDEMIOLOGIA
650 _aVETERINÁRIA
773 0 _tPesquisa Veterinária Brasileira (Brazil)
_xISSN 0100-736X
_g(Jul 2012), v. 32(7) p. 649-652
_wBR2015002444
909 _a202311
_bLúcia
_c55
_dLúcia Elande
942 _2AGRIS
_n0
_cANA
999 _c243457
_d243457